Pull-out behavior of steel fibers embedded in ordinary and geopolymer mortars / (رقم التسجيلة. 179316)

تفاصيل مارك
000 -LEADER
fixed length control field 04042namaa22004331i 4500
003 - CONTROL NUMBER IDENTIFIER
control field EG-GICUC
005 - أخر تعامل مع التسجيلة
control field 20260422130410.0
008 - FIXED-LENGTH DATA ELEMENTS--GENERAL INFORMATION
fixed length control field 260408s2025 ua a|||frm||| 000 0 eng d
040 ## - CATALOGING SOURCE
Original cataloguing agency EG-GICUC
Language of cataloging eng
Transcribing agency EG-GICUC
Modifying agency EG-GICUC
Description conventions rda
041 0# - LANGUAGE CODE
Language code of text/sound track or separate title eng
Language code of summary or abstract eng
-- ara
049 ## - Acquisition Source
Acquisition Source Deposit
082 04 - DEWEY DECIMAL CLASSIFICATION NUMBER
Classification number 624.1
092 ## - LOCALLY ASSIGNED DEWEY CALL NUMBER (OCLC)
Classification number 624.1
Edition number 21
097 ## - Degree
Degree M.Sc
099 ## - LOCAL FREE-TEXT CALL NUMBER (OCLC)
Local Call Number Cai01.13.05.M.Sc.2025.Mo.P
100 0# - MAIN ENTRY--PERSONAL NAME
Authority record control number or standard number Mohammed Elsayed Ahmed Mohammed Elsayed,
Preparation preparation.
245 10 - TITLE STATEMENT
Title Pull-out behavior of steel fibers embedded in ordinary and geopolymer mortars /
Statement of responsibility, etc. by Mohammed Elsayed Ahmed Mohammed Elsayed ; Supervision Dr. Hatem Hassan Ali Ibrahim, Dr. Mohamed Karam Hussein Ismail.
246 15 - VARYING FORM OF TITLE
Title proper/short title سلوك السحب للألياف الفولاذية المدفونة في المونة العادية والجيوبوليميرية
264 #0 - PRODUCTION, PUBLICATION, DISTRIBUTION, MANUFACTURE, AND COPYRIGHT NOTICE
Date of production, publication, distribution, manufacture, or copyright notice 2025.
300 ## - PHYSICAL DESCRIPTION
Extent 96 pages :
Other physical details illustrations ;
Dimensions 30 cm. +
Accompanying material CD.
336 ## - CONTENT TYPE
Content type term text
Source rda content
337 ## - MEDIA TYPE
Media type term Unmediated
Source rdamedia
338 ## - CARRIER TYPE
Carrier type term volume
Source rdacarrier
502 ## - DISSERTATION NOTE
Dissertation note Thesis (M.Sc)-Cairo University, 2025.
504 ## - BIBLIOGRAPHY, ETC. NOTE
Bibliography, etc. note Bibliography: pages 88-96.
520 #3 - SUMMARY, ETC.
Summary, etc. This research examines the pull-out behavior of slag-based geopolymer mortars, <br/>focusing on how interfacial bond strength is influenced by key parameters such as <br/>silicate modulus (Ms), activator-to-binder ratio (A/B), fiber type, and fiber <br/>orientation. Unlike studies aiming to enhance mortar strength through fiber <br/>reinforcement, this work isolates the fiber–matrix interaction to understand how <br/>chemical composition and mechanical variables affect bond performance. <br/>Experimental testing includes compressive strength, direct tension, and pull-out <br/>tests on dog-bone specimens using single hooked and corrugated steel fibers at <br/>various angles. The outcomes aim to clarify how Ms and A/B ratios govern <br/>geopolymerization and fiber anchorage, providing insights for optimizing <br/>interfacial behavior in eco-friendly, alkali-activated composites.
520 #3 - SUMMARY, ETC.
Summary, etc. يبحث هذا العمل في سلوك السحب (Pull-out) للمونة الجيوبوليميرية المعتمدة على خبث الأفران الحبيبي المطحون (GGBFS)، مع التركيز على تأثير مقاومة التماسك البيني الناتجة عن تغير معامل السيليكات (Ms)، ونسبة المنشط إلى الرابط (A/B)، ونوع الألياف واتجاهها. يهدف البحث إلى دراسة التفاعل بين الألياف والمصفوفة بعيدًا عن تعزيز مقاومة المونة الكلية. تضمن البرنامج التجريبي اختبارات الضغط، والشد المباشر، والسحب باستخدام عينات على شكل عظم الكلب مزودة بألياف فولاذية بخطاف منفرد ومتموجة بزوايا مختلفة. وتوضح النتائج أثر التركيب الكيميائي والمتغيرات الميكانيكية على كفاءة التماسك في المواد القلوية المفعّلة الصديقة للبيئة
530 ## - ADDITIONAL PHYSICAL FORM AVAILABLE NOTE
Issues CD Issues also as CD.
546 ## - LANGUAGE NOTE
Text Language Text in English and abstract in Arabic & English.
650 #0 - SUBJECT ADDED ENTRY--TOPICAL TERM
Topical term or geographic name entry element Structural Engineering
650 #0 - SUBJECT ADDED ENTRY--TOPICAL TERM
Topical term or geographic name entry element الهندسة الإنشائية
653 #1 - INDEX TERM--UNCONTROLLED
Uncontrolled term Geopolymer mortar
-- Alkali-activated materials
-- Silicate modulus
-- Activator-to- binder ratio
-- Ground granulated blast furnace slag
-- Steel fiber
-- Single hooked fibers
-- Corrugated fibers
-- Fiber orientation angle
-- مونة جيوبوليميرية
-- مواد مُنشَّطة قلويًا
700 0# - ADDED ENTRY--PERSONAL NAME
Personal name Hatem Hassan Ali Ibrahim
Relator term thesis advisor.
700 0# - ADDED ENTRY--PERSONAL NAME
Personal name Mohamed Karam Hussein Ismail
Relator term thesis advisor.
900 ## - Thesis Information
Grant date 01-01-2025
Supervisory body Hatem Hassan Ali Ibrahim
-- Mohamed Karam Hussein Ismail
Discussion body Osama Abdel-Ghafour Hodhod
-- Amr Amin El-Hefnawy
Universities Cairo University
Faculties Faculty of Engineering
Department Department of Structural Engineering
905 ## - Cataloger and Reviser Names
Cataloger Name Shimaa
Reviser Names Eman Ghareb
942 ## - ADDED ENTRY ELEMENTS (KOHA)
Source of classification or shelving scheme Dewey Decimal Classification
Koha item type Thesis
Edition 21
Suppress in OPAC No
المقتنيات
Source of classification or shelving scheme Home library Current library Date acquired Inventory number Full call number Barcode Date last seen Effective from Koha item type
Dewey Decimal Classification المكتبة المركزبة الجديدة - جامعة القاهرة قاعة الرسائل الجامعية - الدور الاول 08.04.2026 93701 Cai01.13.05.M.Sc.2025.Mo.P 01010110093701000 08.04.2026 08.04.2026 Thesis
Cairo University Libraries Portal Implemented & Customized by: Eng. M. Mohamady Contacts: new-lib@cl.cu.edu.eg | cnul@cl.cu.edu.eg
CUCL logo CNUL logo
© All rights reserved — Cairo University Libraries
CUCL logo
Implemented & Customized by: Eng. M. Mohamady Contact: new-lib@cl.cu.edu.eg © All rights reserved — New Central Library
CNUL logo
Implemented & Customized by: Eng. M. Mohamady Contact: cnul@cl.cu.edu.eg © All rights reserved — Cairo National University Library